000 00480pam a2200193 a 4500
020 _c
040 _aMedical College Lib.
041 _aENG
_hENG
082 _a611
_bHAM
100 _aHamilton , W. J. .
245 _aText Book of Human Anatomy /
_c
_hTextual Documents
260 _a :
_bMosby ,
_c1979.
300 _a419 ;
_c
365 _a238=00
653 _aAnatomy
_aMedical Science
930 _a3676
999 _c3675
_d3675